BANANA - Statistics

General Stats
  • This quiz has been taken 64 times
  • The average score is 20 of 20
Answer Stats
Hint Answer % Correct
What fruit, when there are multiple, is called a hand? Banana
100%
What fruit, when there is only one, is called a finger? Banana
100%
What fruit do some people think we (humans) are 50% related to? Banana
100%
What fruit is though to have only one species, and a genetic disease could potentially wipe them out? Banana
100%
What word can you make from Panama, by changing just two letters? Banana
100%
What fruit is extremely usucaptible to a fungus called Panama disease(Coincidence???) Banana
100%
What fruit, when shipped via trucks can fail radiation test? Banana
100%
What is this emoji called: 🍌 Banana
100%
What do minions like to eat? Banana
100%
What fruit most radioactive? Banana
97%
Minions are yellow like a... Banana
97%
_____ is a fruit that contains radiation. According to Marvel, radiation makes people stronger? Banana
97%
What fruit is yellow, and contains potassium? Banana
97%
What is the most widely grown and consumed fruit, worldwide? Banana
97%
India grows the most _______ (along with many other things, but by this point you know what the answer is) Banana
97%
What fruit is curved because of negative geotropism (instead of growing with gravity, it grows towards the sun, curving it)? Banana
97%
What fruit is 5 times older than the colosseum? Banana
97%
What do you feel like eating now? (Haha! Psychology!) Banana
97%
Therefore, minions are indestructable, due to a diet of _______ Bananas
97%
_______ are berries. Which are yellow Bananas
97%
No matching quizzes found
Score Distribution
Percent of People with Each Score
Percentile by Number Answered
Your Score History
You have not taken this quiz